Normal view
MARC view
Entry Personal Name
001 - CONTROL NUMBER
- control field: 45062
003 - CONTROL NUMBER IDENTIFIER
- control field: dpl
005 - DATE AND TIME OF LATEST TRANSACTION
- control field: 20120413125034.0
008 - FIXED-LENGTH DATA ELEMENTS
- fixed length control field: 120413|||a|||||| | ||| d
040 ## - CATALOGING SOURCE
- Original cataloging agency: dpl
- Transcribing agency: dpl
100 ## - HEADING--PERSONAL NAME
- Personal name: Bhattacharyya, S.N.
670 ## - SOURCE DATA FOUND
- Source citation: Work cat.: (dpl): Bhattacharyya, S.N. , Manatma Gandhi :
670 ## - SOURCE DATA FOUND
- Source citation: Work cat.: (dpl): Bhattacharyya, S.N. , Manatma Gandhi :
